| 000 | 01051nam a2200277Ia 4500 | ||
|---|---|---|---|
| 003 | OSt | ||
| 005 | 20220923211533.0 | ||
| 006 | a|||||r|||| 00| 0 | ||
| 007 | ta | ||
| 008 | 220922b |||||||| |||| 00| 0 san d | ||
| 020 |
_a9789382443827 (hbk) _c800 |
||
| 024 | _a284,202 | ||
| 037 |
_b830, 04/03/2015, Anshika Book International _cTextual |
||
| 040 |
_aARTS _cARTS _bsan |
||
| 041 |
_2san _asan |
||
| 082 | _aO15:gx7,1, 152Q3 | ||
| 100 |
_aदानन्दवर्धन _9156945 |
||
| 245 | 0 | _aध्वन्यालोक | |
| 246 | _aDhvanyāloka: | ||
| 260 |
_aवाराणसी _b चौखम्बा सुरभारती प्रकाशन _c2013 |
||
| 300 |
_a742पृ0 _ccm. |
||
| 490 | _aचौखम्बा सुरभारती ग्रन्थ्ज्ञमाला; 559 | ||
| 650 | _aसंस्कृत साहित्य | ||
| 942 |
_hO15:gx7,1, 152Q3 _cTEXL _2CC |
||
| 999 |
_c300574 _d300574 |
||